General knowledge #4 - Statistics

General Stats
  • This quiz has been taken 33 times
  • The average score is 6 of 18
Answer Stats
Hint Answer % Correct
What is the part of your body you hear in? Ear
97%
Who painted the Mona Lisa? Leonardo da Vinci
97%
Where would you find the Taj Mahal? India
90%
What country is famously known for gelato?W Italy
84%
What is the Colombian Capital ? Bogotà
77%
When was the French Revolution? 1789
29%
Who is the French Republic President? Emmanuel Macron
26%
What is the biggest land animal in the world? African Elephant
23%
What was Shakira's breakout english song? Whenever, Wherever
13%
Who is the Prince Edward island Prime Minister in 2019? Dennis King
6%
How made the microwave? Percy Spencer
6%
What created TikTok? ByteDance
3%
Who created the Minions? Eric Guillon
3%
Who is the maker of the Pokémon cards at this moment? Game Freak
3%
When was the Louvre built? 1793
0%
When was Mexico founded? 1810
0%
What date was the first Snow White created? 4th of Febuary 1938
0%
Who created Fortnite? Darren Sugg
0%
No matching quizzes found
Score Distribution
Percent of People with Each Score
Percentile by Number Answered
Your Score History
You have not taken this quiz